Treasure island

Guardat en:
Dades bibliogràfiques
Autor principal: Stevenson, Robert Louis
Format: Llibre
Idioma:Undetermined
Publicat: London Puffin Books 1994
Matèries:
Etiquetes: Afegir etiqueta
Sense etiquetes, Sigues el primer a etiquetar aquest registre!
Thư viện lưu trữ: Trung tâm Học liệu Trường Đại học Cần Thơ
LEADER 00491nam a2200193Ia 4500
001 CTU_94850
008 210402s9999 xx 000 0 und d
020 |c 120000 
082 |a 823.8 
082 |b S847 
100 |a Stevenson, Robert Louis 
245 0 |a Treasure island 
245 0 |c Robert Louis Stevenson 
260 |a London 
260 |b Puffin Books 
260 |c 1994 
650 |a English literature 
904 |i Giang 
980 |a Trung tâm Học liệu Trường Đại học Cần Thơ